00818nam a2200193 a 450000100100000000500170001000800410002704000250006808200160009310000420010924500590015126000330021030000270024350400650027059000760033504900090041195201870042099900170060700003533820200930074253.0111027s1946 fr a 000 0 spa d aDO-SdBNPbspacBNPHU axxxxbM928i1 aMounier, Emmanuel,d1905-1950.96112210aIntroduction aux existentialismes /cEmmanuel Mounier. a[Paris] :bGallimard,c1946. a189p. :bil. ;c16 cm. aIncluye referencias bibliográfica al pie de las páginas. aPerteneció a la biblioteca personal de Juan Isidro Jimenes Grullón. aBNGR 001050718MOaGRbGRcCTd2011-10-27iLF1l0oxxxx M928ip35338-10r2020-06-25w2020-06-25y1zPerteneció a la biblioteca personal de Juan Isidro Jimenes GrullónZNo se presta c34829d34829